|
|
|
|
| LEADER |
00840nta a2200169 i 4500 |
| 001 |
dipl66383 |
| 005 |
20180223115355.0 |
| 008 |
170619s2016 hu om 0|| zxx d |
| 040 |
|
|
|a SZTE Diploma Repozitórium
|b hun
|
| 041 |
|
|
|a zxx
|
| 100 |
1 |
|
|a Tóth Emese
|
| 245 |
1 |
0 |
|a Szigmoidális húzási hasítékok képződési mechanizmusai és azok alkalmazási lehetőségei a nyírás mértékének becslésére a BAF-2 fúrás mintáinak példáján
|h [elektronikus dokumentum] /
|c Emese Tóth
|
| 246 |
1 |
0 |
|a Formation mechanisms of sigmoidal tension gashes and their application to estimate shear strain in the BAF-2 well
|h [elektronikus dokumentum]
|
| 260 |
|
|
|c 2016
|
| 650 |
|
4 |
|a Természettudományok
|
| 700 |
1 |
|
|a Schubert Félix
|e ths
|
| 856 |
4 |
0 |
|u http://diploma.bibl.u-szeged.hu/id/eprint/66383/1/2016_T%C3%B3th_Emese_TOEVAAT_SZE_SZ.pdf
|z Dokumentum-elérés
|